[Event "TUR-chT 2nd League"]
[Site "Denizli"]
[Date "2023.07.15"]
[Round "9.84"]
[White "Ozdemir, Ali"]
[Black "Yaman, Omer Yigit"]
[Result "1-0"]
[WhiteElo "1821"]
[BlackElo "1612"]
[PlyCount "69"]
[EventDate "2023.07.09"]
[EventType "team-swiss"]
[EventRounds "9"]
[EventCountry "TUR"]
[SourceTitle "CBM 215 Extra"]
[Source "ChessBase"]
[SourceDate "2023.09.30"]
[SourceVersion "1"]
[SourceVersionDate "2023.09.30"]
[SourceQuality "1"]
[WhiteTeam "Gaziantep Tantima"]
[BlackTeam "Celik"]
[WhiteTeamCountry "TUR"]
[BlackTeamCountry "TUR"]

1. e4 c5 2. Nf3 e6 3. d4 cxd4 4. Nxd4 Nf6 5. Bd3 Nc6 6. Nxc6 bxc6 7. 0-0 Be7 8. e5 Nd5 9. c4 Nb4 10. Nc3 Nxd3 11. Qxd3 0-0 12. Ne4 f6 13. Bf4 f5 14. Nd6 g5 15. Bd2 a5 16. b3 Bxd6 17. exd6 Qf6 18. Bc3 Qg6 19. Rfe1 c5 20. Re5 Bb7 21. Rxc5 h5 22. Re1 h4 23. Qd4 Qh6 24. Rc7 Be4 25. Rxd7 Rf7 26. Rxf7 Kxf7 27. f3 Bc6 28. Qb6 Bd7 29. Qb7 Rd8 30. c5 g4 31. fxg4 fxg4 32. Bxa5 g3 33. Bxd8 Qf4 34. Qxd7+ Kf8 35. Qe7+ 1-0

[Event "TUR-chT 2nd League"]
[Site "Denizli"]
[Date "2023.07.12"]
[Round "5.104"]
[White "Polat, Ahmet Eren"]
[Black "Ozdemir, Ali"]
[Result "1/2-1/2"]
[WhiteElo "1625"]
[BlackElo "1821"]
[PlyCount "121"]
[EventDate "2023.07.09"]
[EventType "team-swiss"]
[EventRounds "9"]
[EventCountry "TUR"]
[SourceTitle "CBM 215 Extra"]
[Source "ChessBase"]
[SourceDate "2023.09.30"]
[SourceVersion "1"]
[SourceVersionDate "2023.09.30"]
[SourceQuality "1"]
[WhiteTeam "Mersin Altin Piyon"]
[BlackTeam "Gaziantep Tantima"]
[WhiteTeamCountry "TUR"]
[BlackTeamCountry "TUR"]

1. e4 c5 2. Nc3 a6 3. g3 h5 4. Bg2 h4 5. d3 Nc6 6. Bg5 f6 7. Be3 e5 8. f4 d6 9. f5 Nd4 10. Nd5 Ne7 11. Nxe7 Qxe7 12. c3 Nc6 13. Qg4 hxg3 14. hxg3 Rxh1 15. Bxh1 Bd7 16. Qh5+ Kd8 17. g4 Kc7 18. Nf3 Be8 19. Qh7 b5 20. g5 Rd8 21. gxf6 gxf6 22. Qxe7+ Bxe7 23. Nh4 Bf7 24. Ke2 Rh8 25. Ng6 Rh2+ 26. Bf2 c4 27. dxc4 Bxc4+ 28. Kf3 Rh7 29. b3 Bf7 30. Bh4 Bd8 31. Kg4 Rg7 32. Kh5 Rh7+ 33. Kg4 Rg7 34. Rf1 Kd7 35. Rf2 Bxg6 36. fxg6 Rxg6+ 37. Kh5 Rg8 38. Bxf6 Ke6 39. Bxd8 Nxd8 40. Bg2 Ke7 41. Bh3 Rh8+ 42. Kg4 Ne6 43. Kg3 Nf4 44. Bf5 Kf6 45. Rh2 Rxh2 46. Kxh2 d5 47. Bc8 a5 48. b4 axb4 49. cxb4 dxe4 50. Bd7 Nd5 51. Bxb5 Nxb4 52. a4 Ke6 53. a5 Kd6 54. a6 Kc7 55. Kg2 Kb6 56. Kf2 Nd5 57. Bc4 e3+ 58. Ke2 Nc7 59. Kxe3 Nxa6 60. Bxa6 Kxa6 61. Ke4 1/2-1/2

[Event "TUR-chT 2nd League"]
[Site "Denizli"]
[Date "2023.07.11"]
[Round "4.54"]
[White "Ozdemir, Ali"]
[Black "Demirbag, Alihan"]
[Result "0-1"]
[WhiteElo "1821"]
[BlackElo "2059"]
[PlyCount "204"]
[EventDate "2023.07.09"]
[EventType "team-swiss"]
[EventRounds "9"]
[EventCountry "TUR"]
[SourceTitle "CBM 215 Extra"]
[Source "ChessBase"]
[SourceDate "2023.09.30"]
[SourceVersion "1"]
[SourceVersionDate "2023.09.30"]
[SourceQuality "1"]
[WhiteTeam "Gaziantep Tantima"]
[BlackTeam "Sakarya Satranc"]
[WhiteTeamCountry "TUR"]
[BlackTeamCountry "TUR"]

1. e4 c5 2. Nf3 e6 3. d4 cxd4 4. Nxd4 a6 5. Bd3 Qc7 6. Qg4 Nf6 7. Qg3 d6 8. Nc3 Nbd7 9. 0-0 g6 10. Re1 Ne5 11. Bg5 Bg7 12. Nf3 h6 13. Nxe5 dxe5 14. Be3 Nh5 15. Qg4 0-0 16. g3 b5 17. a3 Kh7 18. Qe2 Bb7 19. f3 f5 20. Rf1 Qf7 21. Rae1 Rac8 22. Bd2 Kh8 23. Qg2 g5 24. Nd1 Rg8 25. Qh3 f4 26. g4 Nf6 27. Bc3 Nd7 28. Re2 Kh7 29. Nf2 Nc5 30. Bb4 Na4 31. b3 Nc5 32. Rd1 Rgd8 33. Ba5 Rd7 34. Red2 Bf8 35. Qf1 Rd6 36. Kg2 Ba8 37. Re2 Rd7 38. h3 Nb7 39. Be1 Nd8 40. Qh1 Nc6 41. h4 Kg7 42. Nh3 Qf6 43. Bf2 Bb7 44. Ra1 Na5 45. Qb1 Qd8 46. Qb2 Nc6 47. Rd1 Nd4 48. Ree1 Be7 49. hxg5 hxg5 50. Bxd4 Rxd4 51. Nf2 Qa5 52. Ra1 Qc7 53. Rh1 Rdd8 54. Rh5 Rh8 55. Rah1 Rxh5 56. gxh5 Bc5 57. Ng4 Bd4 58. Qc1 Rh8 59. h6+ Kg6 60. Qd2 Qc5 61. Kf1 Qe7 62. Qh2 Kh7 63. Qh5 Bc6 64. Ke2 Rf8 65. Rb1 Be8 66. Qh1 Qxa3 67. Qe1 Bh5 68. c3 Qa2+ 69. Qd2 Qxd2+ 70. Kxd2 Bxg4 71. fxg4 Be3+ 72. Ke2 Rc8 73. c4 Kxh6 74. Ra1 Rc6 75. Ra2 Kg7 76. cxb5 axb5 77. Bxb5 Rc1 78. Bc4 Rg1 79. Ra6 Rxg4 80. Rxe6 Bd4 81. Ke1 Rg1+ 82. Bf1 Rg3 83. Bc4 Re3+ 84. Kf1 Rxe4 85. Re7+ Kf6 86. Rf7+ Kg6 87. Bd3 Kxf7 88. Bxe4 Kf6 89. Kg2 g4 90. Bc6 Bc5 91. Bd7 Kg5 92. Bc6 Kh4 93. Be4 f3+ 94. Kf1 Kg3 95. Bf5 Kf4 96. Be6 e4 97. b4 Bxb4 98. Bc4 Bc5 99. Be6 g3 100. Bh3 e3 101. Ke1 Bb4+ 102. Kf1 e2+ 0-1

[Event "TUR-chT 1st League"]
[Site "Konya"]
[Date "2019.07.26"]
[Round "7.11"]
[White "Ozdemir, Ali"]
[Black "Kurdas, Halil Ibrahim"]
[Result "0-1"]
[WhiteElo "1828"]
[BlackElo "1894"]
[PlyCount "116"]
[EventDate "2019.07.22"]
[EventType "team-swiss"]
[EventRounds "9"]
[EventCountry "TUR"]
[SourceTitle "CBM 191 Extra"]
[Source "ChessBase"]
[SourceDate "2019.09.30"]
[SourceVersion "1"]
[SourceVersionDate "2019.09.30"]
[SourceQuality "1"]
[WhiteTeam "Malatya Yesilyurt"]
[BlackTeam "Ankara DSI Genclik"]
[WhiteTeamCountry "TUR"]
[BlackTeamCountry "TUR"]

1. d4 d5 2. e3 Nf6 3. Bd3 e6 4. f4 c5 5. c3 Nc6 6. Nf3 cxd4 7. exd4 Qb6 8. Qe2 Bd7 9. Ne5 g6 10. Nd2 Nxe5 11. fxe5 Nh5 12. Nf3 Be7 13. Bh6 Rg8 14. g4 Ng7 15. Ng5 0-0-0 16. 0-0-0 f5 17. exf6 Bxf6 18. Nxh7 Be7 19. Bf4 Ne8 20. h4 Qa5 21. Kb1 b5 22. Ng5 Kb7 23. Nxe6 Rc8 24. Nc5+ Bxc5 25. dxc5 Rg7 26. Rhe1 Qa4 27. b4 a5 28. Qc2 Bxg4 29. Qxa4 bxa4 30. Rd2 axb4 31. cxb4 Rf7 32. Bg5 Bf5 33. Bxf5 Rxf5 34. Re6 Nc7 35. Rb6+ Ka7 36. Rxg6 Nb5 37. Rd3 Re8 38. Re3 Rxg5 39. hxg5 Rxe3 40. Rb6 Na3+ 41. Kc1 Re1+ 42. Kd2 Ra1 43. Rf6 Rxa2+ 44. Kd3 Rg2 45. g6 Nc2 46. b5 a3 47. Kc3 d4+ 48. Kb3 d3 49. Rd6 a2 50. Kxa2 Ne3+ 51. Kb3 d2 52. Rd7+ Kb8 53. c6 d1Q+ 54. Rxd1 Nxd1 55. Kc4 Rxg6 56. Kc5 Nc3 57. Kb6 Rg5 58. c7+ Kc8 0-1

[Event "TUR-chT 1st League"]
[Site "Konya"]
[Date "2019.07.25"]
[Round "5.9"]
[White "Ozdemir, Ali"]
[Black "Baltaci, Ismail Tarik"]
[Result "0-1"]
[WhiteElo "1828"]
[BlackElo "1973"]
[PlyCount "52"]
[EventDate "2019.07.22"]
[EventType "team-swiss"]
[EventRounds "9"]
[EventCountry "TUR"]
[SourceTitle "CBM 191 Extra"]
[Source "ChessBase"]
[SourceDate "2019.09.30"]
[SourceVersion "1"]
[SourceVersionDate "2019.09.30"]
[SourceQuality "1"]
[WhiteTeam "Malatya Yesilyurt"]
[BlackTeam "Yalova Belediye"]
[WhiteTeamCountry "TUR"]
[BlackTeamCountry "TUR"]

1. d4 Nf6 2. c4 g6 3. Nc3 Bg7 4. e4 d6 5. Nf3 0-0 6. Be2 e5 7. dxe5 dxe5 8. Qc2 Nbd7 9. 0-0 c6 10. b4 Qe7 11. Rb1 a5 12. a3 Nh5 13. g3 Re8 14. Na4 Nhf6 15. Nd2 axb4 16. axb4 Nf8 17. Nb6 Bh3 18. Re1 Ra7 19. c5 N6d7 20. Nbc4 Ne6 21. Nd6 Nd4 22. Qc3 Rea8 23. Bd1 h5 24. Nf3 Bg4 25. Ng5 Bxd1 26. Rxd1 Ne2+ 0-1

[Event "TUR-chT 1st League"]
[Site "Konya"]
[Date "2019.07.23"]
[Round "2.6"]
[White "Oner, Oguz"]
[Black "Ozdemir, Ali"]
[Result "0-1"]
[WhiteElo "1993"]
[BlackElo "1828"]
[PlyCount "90"]
[EventDate "2019.07.22"]
[EventType "team-swiss"]
[EventRounds "9"]
[EventCountry "TUR"]
[SourceTitle "CBM 191 Extra"]
[Source "ChessBase"]
[SourceDate "2019.09.30"]
[SourceVersion "1"]
[SourceVersionDate "2019.09.30"]
[SourceQuality "1"]
[WhiteTeam "Bogazici Universitesi"]
[BlackTeam "Malatya Yesilyurt"]
[WhiteTeamCountry "TUR"]
[BlackTeamCountry "TUR"]

1. c4 Nf6 2. Nc3 g6 3. e4 d6 4. d4 Bg7 5. f3 0-0 6. Be3 c5 7. Nge2 cxd4 8. Nxd4 Nc6 9. Qd2 Bd7 10. Be2 Nxd4 11. Bxd4 a5 12. b3 Bc6 13. 0-0 Nd7 14. Be3 Nc5 15. Rab1 Qb6 16. Rfc1 Qb4 17. Rc2 Rfc8 18. Qc1 Qb6 19. a3 Qd8 20. Kh1 h5 21. Qg1 Qf8 22. Nd5 Bxd5 23. cxd5 b6 24. Bb5 f5 25. Bc6 Rab8 26. b4 axb4 27. axb4 Nd7 28. Rcc1 Qd8 29. Bxd7 Qxd7 30. Bxb6 Rxc1 31. Rxc1 Qb5 32. Ba7 Rb7 33. Rb1 fxe4 34. fxe4 Qa4 35. Bd4 Rxb4 36. Ra1 Bxd4 37. Rxa4 Rxa4 38. Qd1 Ra1 39. Qxa1 Bxa1 40. Kg1 Bd4+ 41. Kf1 Kg7 42. Ke2 Kf6 43. h3 Ke5 44. Kf3 g5 45. g3 g4+ 0-1

[Event "TUR-chT 1st League"]
[Site "Konya"]
[Date "2019.07.22"]
[Round "1.9"]
[White "Ozdemir, Ali"]
[Black "Dalgar, Hakki Berat"]
[Result "1/2-1/2"]
[WhiteElo "1828"]
[BlackElo "1991"]
[PlyCount "106"]
[EventDate "2019.07.22"]
[EventType "team-swiss"]
[EventRounds "9"]
[EventCountry "TUR"]
[SourceTitle "CBM 191 Extra"]
[Source "ChessBase"]
[SourceDate "2019.09.30"]
[SourceVersion "1"]
[SourceVersionDate "2019.09.30"]
[SourceQuality "1"]
[WhiteTeam "Malatya Yesilyurt"]
[BlackTeam "Olbia Satranc"]
[WhiteTeamCountry "TUR"]
[BlackTeamCountry "TUR"]

1. e4 c6 2. Nc3 d5 3. Nf3 Nf6 4. Qe2 d4 5. e5 dxc3 6. exf6 cxd2+ 7. Nxd2 gxf6 8. Ne4 Bg7 9. Bf4 Be6 10. c3 Qa5 11. Qe3 Nd7 12. Bc4 Nf8 13. Rd1 Qb6 14. Qe2 f5 15. Ng3 Bxc4 16. Nxf5 Ne6 17. Nxg7+ Nxg7 18. Qxc4 Ne6 19. 0-0 Rg8 20. Be3 Qb5 21. Qxb5 cxb5 22. Rd5 a6 23. f4 Rd8 24. Rfd1 Rxd5 25. Rxd5 Nc7 26. Rh5 Rg7 27. Kf2 Kd7 28. Kf3 Ne8 29. Bd4 f6 30. Rd5+ Nd6 31. Be3 Kc6 32. Rd1 Nc4 33. Bc1 Rg8 34. b3 Nb6 35. Re1 Kd7 36. Ba3 Re8 37. g4 Nd5 38. Bb2 e5 39. fxe5 fxe5 40. c4 bxc4 41. bxc4 Nb6 42. Rxe5 Rxe5 43. Bxe5 Nxc4 44. Bd4 Ke6 45. Kf4 Nd6 46. h4 b5 47. Be5 Nc4 48. Bc3 a5 49. Kg5 b4 50. Ba1 Ne5 51. Kf4 Ng6+ 52. Kg5 Ne5 53. Kf4 Ng6+ 1/2-1/2

[Event "TUR-chT 2nd League"]
[Site "Konya"]
[Date "2018.07.22"]
[Round "9.7"]
[White "Ozdemir, Ali"]
[Black "Benk, Tolga Tugay"]
[Result "1/2-1/2"]
[WhiteElo "1748"]
[BlackElo "1882"]
[PlyCount "76"]
[EventDate "2018.07.16"]
[EventType "team-swiss"]
[EventRounds "9"]
[EventCountry "TUR"]
[SourceTitle "EXT 2019"]
[Source "ChessBase"]
[SourceDate "2018.10.10"]
[SourceVersion "1"]
[SourceVersionDate "2018.10.10"]
[SourceQuality "1"]
[WhiteTeam "Gaziantep Sader"]
[BlackTeam "Samandag Altin"]
[WhiteTeamCountry "TUR"]
[BlackTeamCountry "TUR"]

1. e4 c6 2. d4 d5 3. Nc3 dxe4 4. Nxe4 Nf6 5. Nxf6+ gxf6 6. c3 Bf5 7. Nf3 Qc7 8. g3 Nd7 9. Bg2 Bg7 10. Nh4 Bg6 11. 0-0 0-0 12. Nxg6 hxg6 13. Qc2 Nb6 14. b3 Rad8 15. Bb2 f5 16. Rad1 Rd7 17. Rd3 Rfd8 18. Rfd1 Bf6 19. Qe2 Kg7 20. Bc1 Rh8 21. Bf4 Qd8 22. Be5 e6 23. c4 Qe7 24. d5 exd5 25. Bxf6+ Qxf6 26. cxd5 cxd5 27. Bxd5 Nxd5 28. Rxd5 Rxd5 29. Rxd5 f4 30. Qe5 Qxe5 31. Rxe5 Kf6 32. Re4 fxg3 33. hxg3 Rc8 34. Rf4+ Ke6 35. Re4+ Kf6 36. Rf4+ Ke6 37. Re4+ Kf6 38. Rf4+ Ke6 1/2-1/2

[Event "TUR-chT 2nd League"]
[Site "Konya"]
[Date "2018.07.20"]
[Round "7.13"]
[White "Demiroglu, Arsen"]
[Black "Ozdemir, Ali"]
[Result "0-1"]
[WhiteElo "1712"]
[BlackElo "1748"]
[PlyCount "92"]
[EventDate "2018.07.16"]
[EventType "team-swiss"]
[EventRounds "9"]
[EventCountry "TUR"]
[SourceTitle "EXT 2019"]
[Source "ChessBase"]
[SourceDate "2018.10.10"]
[SourceVersion "1"]
[SourceVersionDate "2018.10.10"]
[SourceQuality "1"]
[WhiteTeam "Istanbul Sisli"]
[BlackTeam "Gaziantep Sader"]
[WhiteTeamCountry "TUR"]
[BlackTeamCountry "TUR"]

1. d4 d5 2. c4 c6 3. Nf3 Nf6 4. g3 g6 5. Bg2 Bg7 6. 0-0 0-0 7. Nc3 dxc4 8. Ne5 Ng4 9. Bf4 Nxe5 10. dxe5 Qa5 11. Qd4 Be6 12. Ne4 Na6 13. Ng5 Rfd8 14. Qe3 Bd5 15. e6 f6 16. Bxd5 fxg5 17. Bxg5 Rxd5 18. Bxe7 Re8 19. Ba3 Re5 20. Qxa7 R5xe6 21. Rad1 Qc7 22. e3 Bf8 23. Bxf8 Rxf8 24. Qd4 b5 25. Rd2 c5 26. Qg4 Rd6 27. Rfd1 Rxd2 28. Rxd2 Qf7 29. f4 Nb4 30. Rd7 Qf5 31. Qxf5 gxf5 32. Rb7 Nxa2 33. Rxb5 Rc8 34. Ra5 Nb4 35. Kg2 Nd5 36. Kf3 c3 37. bxc3 Nxc3 38. g4 fxg4+ 39. Kxg4 c4 40. Kf3 Nb1 41. Ra2 c3 42. Rc2 Na3 43. Rc1 c2 44. Ke2 Rb8 45. Kd2 Rb1 46. e4 Kf7 0-1

[Event "TUR-chT 2nd League"]
[Site "Konya"]
[Date "2018.07.17"]
[Round "3.7"]
[White "Ozdemir, Ali"]
[Black "Cevrin, Muhammet Cemre"]
[Result "1-0"]
[WhiteElo "1748"]
[BlackElo "1876"]
[PlyCount "73"]
[EventDate "2018.07.16"]
[EventType "team-swiss"]
[EventRounds "9"]
[EventCountry "TUR"]
[SourceTitle "EXT 2019"]
[Source "ChessBase"]
[SourceDate "2018.10.10"]
[SourceVersion "1"]
[SourceVersionDate "2018.10.10"]
[SourceQuality "1"]
[WhiteTeam "Gaziantep Sader"]
[BlackTeam "Koroglu Dernegi"]
[WhiteTeamCountry "TUR"]
[BlackTeamCountry "TUR"]

1. e4 c5 2. Nf3 d6 3. Bb5+ Nd7 4. 0-0 Ngf6 5. Re1 e6 6. c3 Be7 7. d4 cxd4 8. cxd4 0-0 9. Nc3 a6 10. Bd3 e5 11. Ne2 exd4 12. Ng3 Ne5 13. Nxd4 d5 14. exd5 Qxd5 15. Bf4 Nxd3 16. Qxd3 Bc5 17. Rad1 Rd8 18. Be5 Bg4 19. Bxf6 gxf6 20. Ngf5 Bxf5 21. Qxf5 Bxd4 22. Re8+ Kg7 23. Qxd5 Rxd5 24. Rxa8 Bxf2+ 25. Kxf2 Rxd1 26. Re8 Rd2+ 27. Re2 Rxe2+ 28. Kxe2 Kg6 29. Ke3 Kf5 30. Kd4 Kf4 31. Kc5 Ke3 32. Kb6 Kf2 33. g3 Kg2 34. Kxb7 h5 35. Kxa6 h4 36. b4 Kxh2 37. gxh4 1-0

[Event "TUR-chT 2nd League"]
[Site "Konya"]
[Date "2017.07.21"]
[Round "7.6"]
[White "Ozdemir, Ali"]
[Black "Zor, Alber Kadir"]
[Result "0-1"]
[WhiteElo "1762"]
[BlackElo "2146"]
[PlyCount "84"]
[EventDate "2017.07.17"]
[EventType "team-swiss"]
[EventRounds "9"]
[EventCountry "TUR"]
[SourceTitle "CBM 179 Extra"]
[Source "ChessBase"]
[SourceDate "2017.08.23"]
[SourceVersion "1"]
[SourceVersionDate "2017.08.23"]
[SourceQuality "1"]
[WhiteTeam "Malatya Yesilyurt"]
[BlackTeam "Bursa Nida"]
[WhiteTeamCountry "TUR"]
[BlackTeamCountry "TUR"]

1. e4 g6 2. d4 Nf6 3. Nc3 d5 4. exd5 Nxd5 5. Bc4 Nb6 6. Bb3 Bg7 7. Qf3 0-0 8. Nge2 Nc6 9. Be3 a5 10. a4 Nb4 11. 0-0 c6 12. Ne4 Bf5 13. N2g3 Qc8 14. Nxf5 Qxf5 15. Qxf5 gxf5 16. Nc3 e6 17. Rad1 Rfd8 18. Ne2 N6d5 19. Bc1 Rd7 20. c3 Na6 21. Nf4 Nxf4 22. Bxf4 Bf6 23. Bh6 Rad8 24. h3 c5 25. dxc5 Nxc5 26. Rxd7 Rxd7 27. Bc4 Ne4 28. Bb5 Rd8 29. Be3 Bg5 30. Bb6 Rd2 31. f3 Ng3 32. Rb1 e5 33. Bxa5 e4 34. Bc7 exf3 35. Bxg3 Be3+ 36. Kh2 Rxg2+ 37. Kh1 Rxg3 38. Bf1 Rg1+ 39. Kh2 f2 40. h4 h5 41. b4 f4 42. c4 f3 0-1

[Event "TUR-chT 2nd League"]
[Site "Konya"]
[Date "2017.07.20"]
[Round "6.3"]
[White "Turkmen, Huseyin Nafizhan"]
[Black "Ozdemir, Ali"]
[Result "1-0"]
[WhiteElo "1817"]
[BlackElo "1762"]
[PlyCount "105"]
[EventDate "2017.07.17"]
[EventType "team-swiss"]
[EventRounds "9"]
[EventCountry "TUR"]
[SourceTitle "CBM 179 Extra"]
[Source "ChessBase"]
[SourceDate "2017.08.23"]
[SourceVersion "1"]
[SourceVersionDate "2017.08.23"]
[SourceQuality "1"]
[WhiteTeam "Dogukisla Izcilik"]
[BlackTeam "Malatya Yesilyurt"]
[WhiteTeamCountry "TUR"]
[BlackTeamCountry "TUR"]

1. e4 c5 2. d4 cxd4 3. Nf3 g6 4. c3 d3 5. Bxd3 Bg7 6. 0-0 d6 7. Re1 Nf6 8. Nbd2 0-0 9. Nf1 Nc6 10. h3 b6 11. Bf4 Bb7 12. Qd2 Re8 13. Bh6 Bh8 14. Rad1 Qc7 15. Qg5 Nd7 16. Nh4 Nce5 17. Bc2 Nc4 18. Bb3 Bf6 19. Qg3 Nf8 20. Bc1 Kh8 21. Nh2 Rad8 22. Ng4 Bg7 23. Nh6 e5 24. Nf3 b5 25. Qh4 f6 26. Ng4 Qf7 27. Ne3 g5 28. Qg3 Bxe4 29. Nxc4 bxc4 30. Ba4 Bxf3 31. Bxe8 Qxe8 32. Qxf3 Qe6 33. Qd5 Kg8 34. Re4 Qxd5 35. Rxd5 Ne6 36. Rxc4 Nf4 37. Bxf4 gxf4 38. Rc6 Bf8 39. Rc7 Rb8 40. b3 Re8 41. f3 f5 42. Rxa7 e4 43. Kf2 Be7 44. fxe4 Bh4+ 45. Kf3 fxe4+ 46. Kg4 h5+ 47. Kxh4 e3 48. Rg5+ Kh8 49. Rxh5+ Kg8 50. Rhh7 e2 51. Rag7+ Kf8 52. Rh8+ Kxg7 53. Rxe8 1-0

[Event "TUR-chT 2nd League"]
[Site "Konya"]
[Date "2017.07.19"]
[Round "4.4"]
[White "Ugur, Can Atakan"]
[Black "Ozdemir, Ali"]
[Result "1/2-1/2"]
[WhiteElo "1889"]
[BlackElo "1762"]
[PlyCount "70"]
[EventDate "2017.07.17"]
[EventType "team-swiss"]
[EventRounds "9"]
[EventCountry "TUR"]
[SourceTitle "CBM 179 Extra"]
[Source "ChessBase"]
[SourceDate "2017.08.23"]
[SourceVersion "1"]
[SourceVersionDate "2017.08.23"]
[SourceQuality "1"]
[WhiteTeam "Genc Efe Izcilik"]
[BlackTeam "Malatya Yesilyurt"]
[WhiteTeamCountry "TUR"]
[BlackTeamCountry "TUR"]

1. d4 d5 2. Bf4 Nf6 3. e3 c5 4. c3 Nc6 5. Nd2 e6 6. Bd3 Bd6 7. Bg3 Bxg3 8. hxg3 cxd4 9. exd4 e5 10. dxe5 Nxe5 11. Qe2 Qc7 12. Bb5+ Bd7 13. 0-0-0 0-0-0 14. Ngf3 Rhe8 15. Bxd7+ Rxd7 16. Qb5 a6 17. Qf1 h6 18. Re1 Qd6 19. Nd4 Qb6 20. Kb1 Rde7 21. N2b3 Nc6 22. Rxe7 Rxe7 23. Nf5 Re5 24. Nxg7 Ne4 25. Rxh6 Qxb3 26. axb3 Nd2+ 27. Kc2 Nxf1 28. Kd1 Rg5 29. Ne8 Rg6 30. Nd6+ Kc7 31. Nxf7 Rxh6 32. Nxh6 d4 33. cxd4 Nxd4 34. Ng4 Nxb3 35. Kc2 Nfd2 1/2-1/2

[Event "TUR-chT2"]
[Site "Konya"]
[Date "2016.07.20"]
[Round "6.11"]
[White "Ozdemir, Ali"]
[Black "Arslan, Muhammed Emin"]
[Result "1-0"]
[WhiteElo "1701"]
[BlackElo "1432"]
[PlyCount "85"]
[EventDate "2016.07.17"]
[EventType "team-swiss"]
[EventRounds "9"]
[EventCountry "TUR"]
[SourceTitle "CBM 173 Extra"]
[Source "ChessBase"]
[SourceDate "2016.08.29"]
[SourceVersion "1"]
[SourceVersionDate "2016.08.29"]
[SourceQuality "1"]
[WhiteTeam "Gaziantep Sader"]
[BlackTeam "Hatay Samandag"]
[WhiteTeamCountry "TUR"]
[BlackTeamCountry "TUR"]

1. e4 d5 2. exd5 Nf6 3. d4 Bg4 4. f3 Bf5 5. c4 c6 6. dxc6 Nxc6 7. d5 Ne5 8. Qd4 Qd6 9. Nc3 Nc6 10. Qf4 Qxf4 11. Bxf4 Nb4 12. 0-0-0 g6 13. a3 Na6 14. g4 Bd7 15. Re1 Bg7 16. Bd6 e6 17. g5 Nh5 18. Bh3 0-0-0 19. dxe6 fxe6 20. Ne4 Rhe8 21. Bg3 Nxg3 22. hxg3 Be5 23. f4 Bc7 24. Nf6 Re7 25. Nf3 Nc5 26. Re3 Bc6 27. Rf1 Kb8 28. b4 Nd3+ 29. Kc2 Ba4+ 30. Kc3 e5 31. Rxd3 e4 32. Rxd8+ Bxd8 33. Ne5 Bc7 34. Kd4 Bc2 35. Nxe4 Bxe4 36. Kxe4 Bxe5 37. fxe5 Kc7 38. Kd5 Re8 39. Rf7+ Kb8 40. Kd6 Rd8+ 41. Rd7 Rf8 42. e6 Rf2 43. Rd8# 1-0

[Event "TUR-chT2"]
[Site "Konya"]
[Date "2016.07.19"]
[Round "5.9"]
[White "Ozdemir, Ali"]
[Black "Gulsoy, Mustafa Alpago"]
[Result "0-1"]
[WhiteElo "1701"]
[BlackElo "1899"]
[PlyCount "72"]
[EventDate "2016.07.17"]
[EventType "team-swiss"]
[EventRounds "9"]
[EventCountry "TUR"]
[SourceTitle "CBM 173 Extra"]
[Source "ChessBase"]
[SourceDate "2016.08.29"]
[SourceVersion "1"]
[SourceVersionDate "2016.08.29"]
[SourceQuality "1"]
[WhiteTeam "Gaziantep Sader"]
[BlackTeam "Karaman Saglik"]
[WhiteTeamCountry "TUR"]
[BlackTeamCountry "TUR"]

1. e4 d6 2. d4 g6 3. Nc3 Bg7 4. f4 e6 5. Nf3 a6 6. Be3 b5 7. a4 b4 8. Ne2 Bb7 9. Ng3 Nd7 10. c3 c5 11. cxb4 cxb4 12. Qd2 a5 13. Bd3 Ngf6 14. f5 exf5 15. exf5 0-0 16. 0-0 Ng4 17. Bg5 Qb6 18. Bb5 Bxf3 19. Bxd7 Qxd4+ 20. Qxd4 Bxd4+ 21. Kh1 Ne5 22. gxf3 Nxd7 23. Rab1 f6 24. Rfd1 Be5 25. Bh6 Rfd8 26. f4 Bxb2 27. Rxb2 Nc5 28. Rbd2 Nxa4 29. Rxd6 Rxd6 30. Rxd6 b3 31. Ne4 gxf5 32. Nd2 b2 33. Nb1 Kf7 34. Rc6 Rd8 35. Kg2 Rd1 36. Na3 Ra1 0-1

[Event "TUR-chT2"]
[Site "Konya"]
[Date "2016.07.18"]
[Round "3.7"]
[White "Ozdemir, Ali"]
[Black "Ozen, Batuhan"]
[Result "0-1"]
[WhiteElo "1701"]
[BlackElo "1932"]
[PlyCount "154"]
[EventDate "2016.07.17"]
[EventType "team-swiss"]
[EventRounds "9"]
[EventCountry "TUR"]
[SourceTitle "CBM 173 Extra"]
[Source "ChessBase"]
[SourceDate "2016.08.29"]
[SourceVersion "1"]
[SourceVersionDate "2016.08.29"]
[SourceQuality "1"]
[WhiteTeam "Gaziantep Sader"]
[BlackTeam "Denizli Pamukkale Uni"]
[WhiteTeamCountry "TUR"]
[BlackTeamCountry "TUR"]

1. e4 g6 2. d4 Bg7 3. Nc3 d6 4. f4 Nd7 5. Nf3 a6 6. Bd3 e6 7. Be3 Ne7 8. a4 b6 9. 0-0 0-0 10. Ne2 Bb7 11. c3 c5 12. Ng3 d5 13. e5 Qc7 14. h4 c4 15. Bc2 b5 16. axb5 axb5 17. Qe2 Rxa1 18. Rxa1 Ra8 19. Rxa8+ Bxa8 20. Bd2 Nf8 21. h5 Qa7 22. b4 cxb3 23. Bxb3 Qb6 24. Bc2 Bb7 25. Bd3 Bc6 26. Kh2 Be8 27. Ne1 Nc6 28. Nc2 Na5 29. Na3 Nc4 30. Nxc4 bxc4 31. Bc2 Qb2 32. Qd1 Bb5 33. Qc1 Qa2 34. Bb1 Qa1 35. Bc2 Qxc1 36. Bxc1 Nd7 37. Ba3 Bh6 38. Ne2 Nb6 39. hxg6 hxg6 40. g4 Ba4 41. Bxa4 Nxa4 42. g5 Bf8 43. Bc1 Be7 44. Kg2 Bd8 45. Kf1 Ba5 46. Bd2 Nb2 47. Ke1 Kf8 48. Bc1 Nd3+ 49. Kd2 Ke8 50. Kc2 Kd7 51. Bd2 Kc6 52. Nc1 Nf2 53. Be1 Ne4 54. Na2 Kb5 55. Nc1 Bd8 56. Kb2 Ka4 57. Na2 Be7 58. Bh4 Nd2 59. Be1 Nb3 60. Kc2 Ka3 61. Kb1 Bf8 62. Bh4 Nd2+ 63. Ka1 Kb3 64. Be1 Nf3 65. Bf2 Ba3 66. Be3 Bb2+ 67. Kb1 Bxc3 68. Nc1+ Ka3 69. Ne2 Bd2 70. Bxd2 Nxd2+ 71. Kc2 Ne4 72. Nc1 Nf2 73. Kc3 Nd3 74. Ne2 Ka2 75. Kc2 Ka1 76. Nc3 Nxf4 77. Nb5 Nh3 0-1